000 00475nam a2200181Ia 4500
008 100917s9999 xx 000 0 und d
082 _b59773
100 _aदेवळे अंबादास
245 _aकाजवे
260 _bअनघा प्रकाशन
_c1982
300 _a108
365 _b18
520 _aकादंबरी
630 _aकाजवे
650 _aकादंबरी
730 _aकाजवे
942 _cBOOK
999 _c665167
_d665164